Statistics for U.S. States by Third Biggest City

Click here to take the quiz!

General Stats

  • This quiz has been taken 157 times
  • The average score is 35 of 50

Answer Stats

CityState% Correct
DallasTexas
98%
TampaFlorida
96%
JuneauAlaska
94%
San JoseCalifornia
94%
CincinnatiOhio
94%
North Las VegasNevada
92%
MobileAlabama
91%
Kansas CityKansas
91%
RochesterNew York
91%
MesaArizona
90%
RichmondVirginia
88%
TacomaWashington
86%
HiloHawaii
84%
EugeneOregon
84%
Rio RanchoNew Mexico
83%
Green BayWisconsin
83%
KnoxvilleTennessee
82%
AllentownPennsylvania
80%
AugustaGeorgia
78%
AuroraColorado
77%
BangorMaine
77%
ConcordNew Hampshire
77%
ProvoUtah
77%
DuluthMinnesota
74%
GreensboroNorth Carolina
72%
ShreveportLouisiana
69%
FayettevilleArkansas
65%
JolietIllinois
63%
DavenportIowa
63%
Bowling GreenKentucky
63%
StamfordConnecticut
62%
LaramieWyoming
61%
Great FallsMontana
60%
Grand ForksNorth Dakota
60%
NormanOklahoma
60%
EvansvilleIndiana
59%
GreenvilleSouth Carolina
59%
IndependenceMissouri
57%
PatersonNew Jersey
56%
MorgantownWest Virginia
56%
SpringfieldMassachusetts
55%
WarrenMichigan
53%
NewarkDelaware
52%
NampaIdaho
49%
RutlandVermont
44%
CranstonRhode Island
43%
AberdeenSouth Dakota
41%
GermantownMaryland
37%
SouthavenMississippi
34%
BellevueNebraska
28%

Score Distribution

Percentile by Number Answered

Percent of People with Each Score

Your Score History

You have not taken this quiz